Skład Manchesteru United na sezon 19/20 - Statystyki

Ogólne statystyki
  • Ten quiz został rozwiązany 491 razy
    281 od ostatniego zresetowania
  • Średni wynik to 16 z 27
Statystyki odpowiedzi
pozycja nazwisko % Poprawnych
bramkarz David De Gea
99%
napastnik Marcus Rashford
91%
obrońca Luke Shaw
86%
pomocnik Paul Pogba
86%
napastnik Anthony Martial
84%
obrońca Harry Maguire
84%
obrońca Aaron Wan-Bissaka
75%
bramkarz Sergio Romero
75%
obrońca Victor Lindelof
71%
pomocnik Bruno Fernandes
67%
pomocnik Nemanja Matic
66%
pomocnik Fred
65%
obrońca Phil Jones
65%
pomocnik Scott McTominay
64%
napastnik Mason Greenwood
63%
obrońca Eric Bailly
62%
TRENER Ole Gunnar Solskjaer
62%
pomocnik Juan Mata
59%
pomocnik Jesse Lingard
54%
obrońca Diogo Dalot
51%
obrońca Brandon Williams
44%
pomocnik Daniel James
38%
obrońca Axel Tuanzebe
35%
napastnik Odion Ighalo
34%
pomocnik Andreas Pereira
27%
napastnik Tahith Chong
24%
pomocnik Angel Gomes
15%
Nie znaleziono quizów pasujących do podanych kryteriów
Rozkład punktacji
Procent ludzi z każdym wynikiem
Percentyl według liczby udzielonych odpowiedzi
Twoja historia wyników
Nie rozwiązałeś tego quizu od ostatniego zresetowania